| 000 | 00704nam a2200217 4500 | ||
|---|---|---|---|
| 999 |
_c9918 _d9918 |
||
| 001 | 9918 | ||
| 003 | BD-JhCC | ||
| 005 | 20180403122732.0 | ||
| 008 | 180403b1970 bg ||||| |||| 00| 0 ben d | ||
| 035 | _a(BD-JhCC)9918 | ||
| 040 |
_aBD-JhCC _dBD-JhCC |
||
| 041 | _aben | ||
| 082 |
_a330.109 _bHAL 1970 |
||
| 100 | _aহেলব্রোনার, রবার্ট এল | ||
| 245 |
_aআর্থনীতিক দর্শনের ইতিবৃত্ত / _cরবার্ট এল হেলব্রোনার |
||
| 260 |
_aঢাকা : _bচয়নিকা প্রকাশনী _c1970. |
||
| 300 |
_a448 p. : _c21 cm. |
||
| 650 | _aEcomics | ||
| 942 |
_2ddc _cBK |
||